| 000 | 00860ngm a2200289 a 4500 | ||
|---|---|---|---|
| 003 | BLK | ||
| 005 | 20240612155044.0 | ||
| 008 | 180410b bul||n||s|||||||| mlbulo| | ||
| 010 | _aCDD00003043000 | ||
| 040 | _aBLK | ||
| 041 |
_aBUL _cBUL |
||
| 080 |
_aХудожествени филмови жанрове _b791.221/.228 _z791.221/.228 |
||
| 139 |
_a[Фаренхайт] Fahrenheit 9/11 [видео DVD] _bF 24 |
||
| 245 | 1 | 0 | _a[Фаренхайт] Fahrenheit 9/11 [видео DVD] |
| 257 | _aBGR | ||
| 260 | _c2005 | ||
| 300 |
_a122 мин. _bцв. _c12 см |
||
| 380 | _a7 | ||
| 490 | _aDVD колекция Intro | ||
| 590 | _aS.N: 83689 от КНИГИ | ||
| 852 |
_aCD 5026 _p0 |
||
| 856 | 4 |
_qpdf _u |
|
| 856 | 4 |
_qpdf _u |
|
| 942 |
_cCDD _n0 _s1 |
||
| 944 |
_aCR _c09.05.2008 _k30542 _lРусанова Ирена |
||
| 999 |
_c220574 _d220574 |
||
| 999 | _d220574 | ||